000 00793nam1a22002531i 4500
001 RU\NLR\INFOCOMM_253\5000005027
005 20240724145633.0
010 _911000 экз.
_bВ пер.
035 _a(NLR Aleph) 009160024
090 _a8448115
_c8448115
100 _a20100201d1954 |||y0rusy50 ba
101 1 _aeng
102 _aRU
105 _ay ||||000|y
200 1 _aˆThe ‰white birch-tree
_eA novel
_f[Ill. by D. K. Mochalsky]
210 _aΜ.
_cForeign languages publ. house
_d1954
215 _a2 т.
_d20 см
225 1 _aˆ[‰Library of selected Soviet literature]
686 _aЛх259(анг)2
_2rubbk
700 1 _9z02790
_aBubennov
_bM. S.
_f1909-
_gMichail Semenovič
_4070
801 1 _aRU
_bNLR
_c20100201
801 0 _aRU
_bNLR
_gPSBO
852 _aNLR
_jЛ31 Г-3/912
942 _cBOOK